00469 2200193 4500001002100000005001500021008004100036020001800077035001900095041000700114082001100121090001600132100001500148245003100163260002100194300002900215500001000244650002100254INLIS00000000000402420241224112831241224||||||||| | ||| |||| || |  a979-507-293-5 0010-1224004024 aid0 a808..3 a808.3 JAM d0 aJamaluddin00aDi Bawah Matahari Terminal aYogyakartac2013 aix,102 hlm.:ilus.;20 cm. aCet.3 0aImu Kesusastraan